000 00848nas a2200241 4500
001 BR9902077
003 BR-BrBNA
005 20231205101359.0
007 ta
008 230509b bl.|||p| |||| 00| 00por d
040 _aBR-BrBNA
_bpor
_cBiblioteca Nacional de Agricultura
041 _a(Pt)
072 _aK10
100 1 _aRosa, L. dos S.
245 1 _aInducao do enraizamento de estacas de tachi branco (Sclerolobium paniculatum Vogel), atraves da aplicacao de diferentes concentracoes de acido indol-3-butirico
650 _aTaxi Branco
650 _aEnraizamento de Estaca
650 _aEstaca
650 _aAcido Indolbutirico
773 0 _tBoletim da Faculdade de Ciencias Agrarias do Para (Brazil)
_xISSN 0100-2694
_g(Jul-Dec 1997), (no. 28) p. 81-91
_wBR9902077
909 _a202311
_bLúcia
_c55
_dLúcia Elande
942 _2AGRIS
_n0
_cANA
999 _c161479
_d161479